Gorgona / (Registro nro. 6835)

Detalles MARC
000 -CABECERA
Campo de control 01035cam a2200277 i 4500
005 - FECHA Y HORA DE LA ULTIMA TRANSACCION
Campo de control 20160107065224.0
008 - ELEMENTOS DE LONGITUD FIJA—INFORMACION GENERAL
Campo de control 890621s1979 ck abf r 00110 spa d
020 ## - ISBN
ISBN 8489200033
040 ## - FUENTE DE CATALOGACIÓN
Agencia catalogadora original CO-BoBLA
Agencia transcriptora CO-BoBLA
Agencia Modificadora CO-BoIAVH
041 0# - IDIOMA
Código de idioma para texto/pista de sonido o título separado Español
043 ## - GEOGRAPHIC AREA CODE
Geographic area code s-ck---
044 ## - PAÍS DE PUBLICACIÓN
País de publicación Colombia
082 04 - NUMERO DE CLASIFICACION DECIMAL DEWEY
Número de clasificación 591.9861
Número del ítem P89g
100 1# - ASIENTO PRINCIPAL--NOMBRE PERSONAL
Nombre personal Prahl, Henry Von,
Fechas asociadas con el nombre 1948-1989
9 (RLIN) 47732
245 10 - MENCION DE TITULO
Título Gorgona /
Mención de responsabilidad por Henry von Prahl, Felipe Guhl, Max Grogl ; colaboradores Federico Medem ... [et. al.].
260 ## - PUBLICACION, DISTRIBUCION, ETC. (PIE DE IMPRENTA)
Lugar de publicación, distribución, etc. Bogotá :
Nombre del editor, distribuidor, etc. Universidad de los Andes,
Fecha de publicación, distribución, etc. 1979.
300 ## - DESCRIPCION FISICA
Extensión 279 páginas :
Otros detalles físicos ilustraciones, láminas y mapas ;
Dimensiones 22 cm.
504 ## - NOTA DE BIBLIOGRAFIA, ETC.
Nota de bibliografía Incluye referencias bibliográficas.
650 ## - ASIENTO SECUNDARIO DE MATERIA - TERMINO TEMATICO
Término temático o nombre geográfico como elemento de entrada Zoología
Subdivisión geográfica Gorgona (Isla, Colombia)
9 (RLIN) 47733
650 #6 - ASIENTO SECUNDARIO DE MATERIA - TERMINO TEMATICO
Término temático o nombre geográfico como elemento de entrada Fauna de islas
Subdivisión geográfica Gorgona (Isla, Colombia)
9 (RLIN) 47734
650 #6 - ASIENTO SECUNDARIO DE MATERIA - TERMINO TEMATICO
Término temático o nombre geográfico como elemento de entrada Crustáceos
Subdivisión general Zoología
Subdivisión geográfica Gorgona (Isla, Colombia)
9 (RLIN) 47735
700 1# - ASIENTO SECUNDARIO - NOMBRE PERSONAL
Nombre personal Guhl Nannetti, Felipe.
Término de relación autor
9 (RLIN) 47736
700 1# - ASIENTO SECUNDARIO - NOMBRE PERSONAL
Nombre personal Grogl, Max,
Fechas asociadas con el nombre 1948-
Término de relación autor
9 (RLIN) 47737
700 1# - ASIENTO SECUNDARIO - NOMBRE PERSONAL
Nombre personal Medem, Federico.
9 (RLIN) 47738
942 ## - ELEMENTOS ADICIONALES (KOHA)
Sistema de clasificación Dewey Decimal Classification
Tipo de ítem Libro
Existencias
Withdrawn status Lost status Sistema de Clasificación Damaged status No para préstamo Colección Inventariado Ubicación Permanente Ubicación actual Fecha de adquisición Fuente de Valor Total Checkouts Número topográfico Inventario / Código de Barras Date last seen Ejemplar Price effective from Forma de adquisición Tipo de material
    Dewey Decimal Classification     General Inventariado 2017 Bogotá Bogotá 14/05/2009 Instituto   LB-591.9861 P89g 026993 04/12/2012 Ej.1 04/12/2012   Libro